[Event "FIN-chT 1718"]
[Site "Finland"]
[Date "2018.03.09"]
[Round "9.4"]
[White "Westerinen, Heikki MJ"]
[Black "Nevanlinna, Risto"]
[Result "1-0"]
[WhiteElo "2310"]
[BlackElo "2258"]
[PlyCount "91"]
[EventDate "2017.09.16"]
[EventType "team-tourn"]
[EventRounds "11"]
[EventCountry "FIN"]
[SourceTitle "EXT 2019"]
[Source "ChessBase"]
[SourceDate "2018.10.10"]
[SourceVersion "1"]
[SourceVersionDate "2018.10.10"]
[SourceQuality "1"]
[WhiteTeam "Salo SalSK"]
[BlackTeam "Jyvaskyla JyS"]
[WhiteTeamCountry "FIN"]
[BlackTeamCountry "FIN"]

1. e4 c5 2. Nf3 g6 3. c3 d5 4. exd5 Qxd5 5. d4 Nc6 6. Be3 Nf6 7. Na3 cxd4 8. Nb5 Qd8 9. Nfxd4 Nd5 10. Bg5 Bg7 11. Bc4 0-0 12. 0-0 Nxd4 13. Nxd4 Nf6 14. Re1 Qc7 15. Qe2 e6 16. Nb5 Qc6 17. Rad1 Bd7 18. Nd4 Qc8 19. Bb3 a6 20. Qf3 e5 21. Ne2 Bc6 22. Qe3 Ne4 23. Bh6 Qc7 24. Bxg7 Kxg7 25. Bd5 Nf6 26. Bxc6 bxc6 27. Ng3 Rfe8 28. Nf5+ Kh8 29. Qh6 Rg8 30. Qg5 Ne8 31. Nd6 f5 32. Rxe5 Nxd6 33. Re7 Ne4 34. Qh4 Qxe7 35. Qxe7 Rge8 36. Qb7 Rad8 37. Rxd8 Rxd8 38. g3 Rd1+ 39. Kg2 Rd2 40. Qf7 Rxf2+ 41. Kg1 h5 42. Qxg6 Rxb2 43. Qxh5+ Kg7 44. Qxf5 Nd2 45. h4 Rxa2 46. h5 1-0

[Event "FIN-chT 1718"]
[Site "Finland"]
[Date "2017.12.02"]
[Round "5.3"]
[White "Kokkila, Tero"]
[Black "Nevanlinna, Risto"]
[Result "1/2-1/2"]
[WhiteElo "2293"]
[BlackElo "2258"]
[PlyCount "167"]
[EventDate "2017.09.16"]
[EventType "team-tourn"]
[EventRounds "11"]
[EventCountry "FIN"]
[SourceTitle "EXT 2019"]
[Source "ChessBase"]
[SourceDate "2018.10.10"]
[SourceVersion "1"]
[SourceVersionDate "2018.10.10"]
[SourceQuality "1"]
[WhiteTeam "Vantaa EtVaS"]
[BlackTeam "Jyvaskyla JyS"]
[WhiteTeamCountry "FIN"]
[BlackTeamCountry "FIN"]

1. e4 c5 2. Nf3 g6 3. c3 Nc6 4. d4 d5 5. exd5 Qxd5 6. dxc5 Qxd1+ 7. Kxd1 Bg7 8. Bb5 Bd7 9. Re1 Nf6 10. Nbd2 0-0 11. Ke2 Nd8 12. Bxd7 Nxd7 13. Nb3 Ne6 14. Kf1 Bf6 15. g4 Rac8 16. g5 Bg7 17. Nfd4 Nxd4 18. cxd4 e5 19. dxe5 Nxe5 20. Re2 Rfe8 21. Be3 Nc4 22. Rd1 Rcd8 23. Rxd8 Rxd8 24. Bf4 Nxb2 25. Re7 Nd3 26. Bd6 Bf8 27. Rxb7 Bxd6 28. cxd6 Rxd6 29. Rxa7 Nf4 30. Re7 Ne6 31. Ke2 Ra6 32. Nc1 Nxg5 33. Re3 Ne6 34. Rc3 Ra4 35. Kd2 Rh4 36. h3 Ng5 37. Ke1 Kf8 38. Ne2 Nxh3 39. a4 Nxf2 40. Kxf2 Rxa4 41. Kg3 h5 42. Ng1 Kg7 43. Nf3 f6 44. Rc7+ Kh6 45. Rc6 Rg4+ 46. Kf2 Rf4 47. Kg3 g5 48. Ra6 Kg7 49. Rd6 Re4 50. Rd4 Re3 51. Kf2 Ra3 52. Rd6 Kg6 53. Ne5+ Kg7 54. Nd7 f5 55. Ne5 Ra2+ 56. Kf1 g4 57. Rg6+ Kh7 58. Rg5 Rh2 59. Kg1 Rh3 60. Rxf5 Kh6 61. Kg2 Ra3 62. Rf8 Ra5 63. Nd3 Kg5 64. Nf4 Ra2+ 65. Kg1 h4 66. Ne6+ Kg6 67. Rf4 Ra1+ 68. Kf2 g3+ 69. Kg2 Ra2+ 70. Kg1 Rh2 71. Rf8 Kh5 72. Rg8 Ra2 73. Nf4+ Kh6 74. Rg6+ Kh7 75. Rg4 Rh2 76. Ng2 h3 77. Nf4 Ra2 78. Rxg3 h2+ 79. Kh1 Ra4 80. Nd5 Ra2 81. Nf6+ Kh6 82. Rg8 Ra1+ 83. Kxh2 Rh1+ 84. Kxh1 1/2-1/2

[Event "Heinola Suomi 100 ottelu Vierumaki"]
[Site "Heinola"]
[Date "2017.11.18"]
[Round "2"]
[White "Nevanlinna, Risto"]
[Black "Pedmanson, Herman"]
[Result "0-1"]
[WhiteElo "2242"]
[BlackElo "1756"]
[PlyCount "102"]
[EventDate "2017.11.17"]
[EventType "swiss"]
[EventRounds "3"]
[EventCountry "FIN"]
[SourceTitle "EXT 2022"]
[Source "ChessBase"]
[SourceDate "2021.10.06"]
[SourceVersion "1"]
[SourceVersionDate "2021.10.06"]
[SourceQuality "1"]

1. e4 c6 2. d4 d5 3. Nd2 dxe4 4. Nxe4 Bf5 5. Ng3 Bg6 6. Nf3 Nd7 7. Bd3 Bxd3 8. Qxd3 Ngf6 9. 0-0 e6 10. c4 Bd6 11. b3 0-0 12. Bb2 Qc7 13. Rad1 Rad8 14. Qe2 c5 15. dxc5 Bxc5 16. Rd3 Be7 17. Nf5 exf5 18. Qxe7 Rfe8 19. Qb4 Ne4 20. Rfd1 Ndc5 21. Rd5 Rxd5 22. cxd5 f6 23. h3 Kh8 24. Qd4 Qd6 25. Qc4 Rd8 26. Qe2 a6 27. Qe3 Ne6 28. Nh4 Qf4 29. Qxf4 Nxf4 30. Nxf5 Rxd5 31. Re1 Rxf5 32. Rxe4 h5 33. Re8+ Kh7 34. Re7 Rg5 35. Bc1 Re5 36. Rxe5 fxe5 37. Bb2 Nd3 38. Bc3 Kg6 39. Kf1 Kf5 40. Bd2 Ke4 41. Ke2 Nf4+ 42. Bxf4 exf4 43. Kd2 h4 44. Ke2 b6 45. b4 b5 46. a3 g6 47. Kd2 f3 48. g3 hxg3 49. fxg3 f2 50. Ke2 f1Q+ 51. Kxf1 Kf3 0-1

[Event "Tampere We TammerSh A"]
[Site "Tampere "]
[Date "2017.09.30"]
[Round "1"]
[White "Luukkonen, Tommi"]
[Black "Nevanlinna, Risto"]
[Result "1-0"]
[WhiteElo "2348"]
[BlackElo "2258"]
[PlyCount "69"]
[EventDate "2017.09.30"]
[EventType "swiss"]
[EventRounds "4"]
[EventCountry "FIN"]
[SourceTitle "EXT 2022"]
[Source "ChessBase"]
[SourceDate "2021.10.06"]
[SourceVersion "1"]
[SourceVersionDate "2021.10.06"]
[SourceQuality "1"]

1. d4 Nf6 2. c4 e6 3. Nc3 Bb4 4. e3 b6 5. Nge2 Ba6 6. a3 Bxc3+ 7. Nxc3 d5 8. b3 0-0 9. Be2 Nc6 10. 0-0 Na5 11. Rb1 c5 12. Nb5 Bb7 13. a4 a6 14. Na3 Nc6 15. Nc2 Re8 16. Ba3 cxd4 17. exd4 Rc8 18. c5 Ne4 19. Qe1 bxc5 20. f3 cxd4 21. fxe4 dxe4 22. Bh5 Ne5 23. Qf2 e3 24. Bxf7+ Kh8 25. Qg3 e2 26. Bxe8 exf1Q+ 27. Rxf1 Nf3+ 28. gxf3 Rxc2 29. Bf8 Qf6 30. Bd6 Re2 31. Qf4 Rb2 32. Qxf6 gxf6 33. Be7 Kg7 34. Kh1 Kh6 35. h4 1-0

[Event "FIN-chT 1718"]
[Site "Finland"]
[Date "2017.09.16"]
[Round "1.4"]
[White "Nevanlinna, Risto"]
[Black "Pulkkinen, Kari"]
[Result "1/2-1/2"]
[WhiteElo "2258"]
[BlackElo "2214"]
[PlyCount "64"]
[EventDate "2017.09.16"]
[EventType "team-tourn"]
[EventRounds "11"]
[EventCountry "FIN"]
[SourceTitle "CBM 180 Extra"]
[Source "ChessBase"]
[SourceDate "2017.10.06"]
[SourceVersion "1"]
[SourceVersionDate "2017.10.06"]
[SourceQuality "1"]
[WhiteTeam "Jyvaskyla JyS"]
[BlackTeam "Helsinki Aatos"]
[WhiteTeamCountry "FIN"]
[BlackTeamCountry "FIN"]

1. d4 Nf6 2. Bf4 g6 3. Nc3 d5 4. e3 c6 5. Nf3 Bg7 6. h4 Bg4 7. Be2 Nbd7 8. Ne5 Bxe2 9. Qxe2 h5 10. 0-0-0 Qa5 11. Kb1 Nxe5 12. Bxe5 0-0-0 13. e4 Rhg8 14. exd5 Nxd5 15. Nxd5 Qxd5 16. Bxg7 Rxg7 17. Qxe7 Rgg8 18. Qa3 a6 19. Qh3+ Kb8 20. Rhe1 Rge8 21. c3 c5 22. Re3 Rxe3 23. fxe3 Re8 24. Qg3+ Kc8 25. Re1 Qe4+ 26. Ka1 Qc2 27. dxc5 Rd8 28. Qf3 Rd2 29. Rb1 Rf2 30. Qd5 Rd2 31. Qf3 Rf2 32. Qd5 Rd2 1/2-1/2